000 00441cam a22001934a 4500
005 20250605164326.0
008 250528s ||||||||||||||||||||||||d
035 _a23063
020 _a9780415308106
040 _aGR-AtMCL
_bgre
_dGR-AtMCL
_eAACR2
245 1 _aVISIBLE THOUGHT
250 _a1
260 _bRouledge,
_c2003
300 _a206
700 1 _aBeattie Geoffrey
_91821
942 _cBK
999 _c8103
_d8103